History Quiz

Random History or Discovery Quiz

January 1st Quiz Stats

 Plays Quiz Updated Jan 31, 2019

Support Sporcle.
Go Orange.
Score 0/31 Timer 08:00
0 Plays Today
Year Answer % Correct
2002Euro
80.5%
1788The Times
80.2%
1735Paul Revere
74%
1908Times Square
71.3%
1934Alcatraz Island
71.3%
2000Y2K
70.5%
1892Ellis Island
67.2%
1804Haiti
63.7%
1818War of 1812
63.4%
1975Watergate
62.6%
1863Emancipation Proclamation
61%
1919J. D. Salinger
60.5%
1907Theodore Roosevelt
53.9%
1899Spanish-American War
51.7%
1971Cigarettes
50.4%
1895J. Edgar Hoover
50.4%
Year Answer % Correct
1960Johnny Cash
50.2%
404Gladiator games
50.1%
1928San Antonio
48%
1880Panama Canal
45.5%
1942North Carolina
43%
1502Rio de Janeiro
40.6%
1995The Far Side
37.5%
1956Sudan
35.2%
1968Evel Knievel
33.8%
1994Melinda French
31.9%
1977Episcopal
31.3%
1946A god
31%
1840Bowling
28.5%
1847Michigan
10.9%
1831William Lloyd Garrison
10.5%

From the Vault

Let's Draw the US Borders

by kfastic

Geography 20m
If you get 100% on this quiz, it might be time to become a cartographer.
Remove Ads.
Support Sporcle.
Get the best of Sporcle when you Go Orange. This ad-free experience offers more features, more stats, and more fun while also helping to support Sporcle. Thank you for becoming a member.

Show Comments

Extras

Top Quizzes Today


Score Distribution

Your Account Isn't Verified!

In order to create a playlist on Sporcle, you need to verify the email address you used during registration. Go to your Sporcle Settings to finish the process.

Report this User

Report this user for behavior that violates our Community Guidelines.

Details: